Pays se terminant par "L" - Statistiques

Statistiques générales
  • Ce quiz a été pris 451 fois
  • Le résultat moyen est 4 sur 7
Statistiques - réponses
Réponse % Correct
Brésil
79%
Népal
76%
Portugal
74%
Îles Marshall
58%
Israël
58%
Sénégal
52%
Timor oriental
38%
Aucun quiz correspondant
Distribution des résultats
% des personnes avec chaque résultat
Percentile par nombre de réponses
Votre historique - résultats
Vous n’avez pas pris ce quiz